01461nam a2200337 a 4500001001000000003000500010005001700015008004100032010001100073011001100084040000900095090001000104100004000114245015900154260004100313500006000354502010300414590004000517590004000557590004000597650003700637650003600674650003500710856007000745901000700815942001000822942000600832999001900838952013100857952013500988000114011CHAP20220329144423.0171019s2017 mx sm |||||||spa d a110472 a111444 cCHAP aTesis1 aMontejano García, Chrisha913383810aAnálisisde de crecimiento de cuatro variedades de higuerilla (Ricinus communis L.) en la comarco lagunerah[En línea]cpor Chrisha Montejano García. aChapingo, Méx. :bEl autor,c2017. aPara ver el contenido del material haga clic en la liga aTesis (Ing. en Sistemas Agroalimentarios) -- UACH. Unidad Regional Universitaria de Zonas Áridas aE6339RRRb05c20171019lUCH01h0922 aE6339RRRb05c20171019lUCH01h0923 aE6339RRRb05c20171019lUCH01h092414aHiguerillaxCrecimiento.912907914aHiguerillaxRendimiento.95536914aHiguerillaxVariedades.955370 aFinding aiduhttp://10.13.5.2/tesis/sist114011.pdfzTeclea aquí aBK cTESIS n0 c110472d110472 00104054718TESISaBCbBCd2017-10-19fTESISl0oTesisp114012-10r2019-12-31 00:00:00w2019-12-31yTESISzRecien adquirido 00102local4053708TESISaBCbBCcPA_TESISd2017-10-19fTESISl0oTesisp114012-20r2019-12-31 00:00:00tc.2w2019-12-31yTESIS